The powers that be / (Record no. 988)

000 -LEADER
fixed length control field 01148nam a22003497a 4500
001 - CONTROL NUMBER
control field 848186
003 - CONTROL NUMBER IDENTIFIER
control field OSt
005 - DATE AND TIME OF LATEST TRANSACTION
control field 20210426113149.0
008 - FIXED-LENGTH DATA ELEMENTS--GENERAL INFORMATION
fixed length control field 790115s1979 nyu b 001 0 eng
010 ## - LIBRARY OF CONGRESS CONTROL NUMBER
LC control number 78020605
020 ## - INTERNATIONAL STANDARD BOOK NUMBER
International Standard Book Number 0394503813
040 ## - CATALOGING SOURCE
Original cataloging agency DLC
Transcribing agency DLC
Modifying agency DLC
Language of cataloging eng
041 ## - LANGUAGE CODE
Language code of text/sound track or separate title eng
043 ## - GEOGRAPHIC AREA CODE
Geographic area code n-us---
050 00 - LIBRARY OF CONGRESS CALL NUMBER
Classification number PN4888.P6
Item number H3 1979
080 ## - UNIVERSAL DECIMAL CLASSIFICATION NUMBER
Universal Decimal Classification number 32
Item number H-18
082 00 - DEWEY DECIMAL CLASSIFICATION NUMBER
Classification number 070.4/0973
100 1# - MAIN ENTRY--PERSONAL NAME
Personal name Halberstam, David.
245 14 - TITLE STATEMENT
Title The powers that be /
Statement of responsibility, etc. : Within the Kingdom of the Media: How Luce's. Paley's, the Grahams' Washington and the Chandlers' Los Angeles Became Rich and Powerful and Changed Forever the Shape of American Politics and Society
Remainder of title / by: Alfred A. Knopf
250 ## - EDITION STATEMENT
Edition statement 1st edition
260 ## - PUBLICATION, DISTRIBUTION, ETC.
Place of publication, distribution, etc. New York :
Name of publisher, distributor, etc. Alfred A. Knopf
Date of publication, distribution, etc. 1979.
300 ## - PHYSICAL DESCRIPTION
Extent 771 p. ;
Dimensions 25 cm.
365 ## - TRADE PRICE
Price amount 15 usd
500 ## - GENERAL NOTE
General note Includes index.
504 ## - BIBLIOGRAPHY, ETC. NOTE
Bibliography, etc. note Bibliography: p. [743]-745.
650 #0 - SUBJECT ADDED ENTRY--TOPICAL TERM
Topical term or geographic name entry element Press and politics
Geographic subdivision United States.
650 #0 - SUBJECT ADDED ENTRY--TOPICAL TERM
Topical term or geographic name entry element Politics
9 (RLIN) 443
653 ## - INDEX TERM--UNCONTROLLED
Uncontrolled term პოლიტიკა
906 ## - LOCAL DATA ELEMENT F, LDF (RLIN)
a 7
b cbc
c orignew
d 1
e ocip
f 19
g y-gencatlg
942 ## - ADDED ENTRY ELEMENTS (KOHA)
Source of classification or shelving scheme
Koha item type Books
Edition 1
Holdings
Withdrawn status Lost status Source of classification or shelving scheme Damaged status Not for loan Permanent location Current location Date acquired Inventory number Full call number Barcode Date last seen Price effective from Koha item type
          Ken Walker International University Ken Walker International University 01/27/2021 2481 32 H-18 2481 01/27/2021 01/27/2021 Books

Powered by Koha